[Event "ISR-chT (Women)"]
[Site "Tel Aviv"]
[Date "2021.10.29"]
[Round "3.1"]
[White "Gutmakher, Olga"]
[Black "Len, Irina"]
[Result "1/2-1/2"]
[WhiteElo "2236"]
[BlackElo "2006"]
[PlyCount "50"]
[EventDate "2021.10.28"]
[EventType "team-swiss"]
[EventRounds "5"]
[EventCountry "ISR"]
[SourceTitle "CBM 204 Extra"]
[Source "ChessBase"]
[SourceDate "2021.11.30"]
[SourceVersion "1"]
[SourceVersionDate "2021.11.30"]
[SourceQuality "1"]
[WhiteTeam "Ashdod (W)"]
[BlackTeam "Herzliya (W)"]
[WhiteTeamCountry "ISR"]
[BlackTeamCountry "ISR"]

1. e4 d5 2. exd5 Qxd5 3. Nc3 Qd8 4. d4 Nf6 5. Nf3 e6 6. Bg5 Be7 7. Qd2 c6 8. Bd3 Nbd7 9. 0-0 Nb6 10. Rfe1 Bd7 11. Rad1 Nfd5 12. Ne4 0-0 13. c4 Nf6 14. Bb1 Nxe4 15. Rxe4 Bxg5 16. Nxg5 h6 17. Nf3 f5 18. Re2 Nxc4 19. Qb4 Nb6 20. Ne5 Qc7 21. Rd3 Nd5 22. Qd2 Be8 23. Rg3 Rf6 24. a3 Rd8 25. Re1 Qd6 1/2-1/2

[Event "Olympiad Women-43"]
[Site "Batumi"]
[Date "2018.10.02"]
[Round "8.4"]
[White "Gutmakher, Olga"]
[Black "Motycakova, Monika"]
[Result "1-0"]
[WhiteElo "2258"]
[BlackElo "2198"]
[PlyCount "89"]
[EventDate "2018.09.24"]
[EventType "team-swiss"]
[EventRounds "11"]
[EventCountry "GEO"]
[SourceTitle "EXT 2020"]
[Source "ChessBase"]
[SourceDate "2019.10.17"]
[SourceVersion "1"]
[SourceVersionDate "2019.10.17"]
[SourceQuality "1"]
[WhiteTeam "Israel (W)"]
[BlackTeam "Slovakia (W)"]
[WhiteTeamCountry "ISR"]
[BlackTeamCountry "SVK"]

1. e4 e5 2. Nf3 Nc6 3. Bc4 Bc5 4. b4 Bxb4 5. c3 Be7 6. d4 Na5 7. Be2 d6 8. Qa4+ c6 9. dxe5 dxe5 10. Nxe5 Nf6 11. 0-0 b5 12. Qc2 0-0 13. a4 Bb7 14. Nd2 Qc7 15. Nef3 a6 16. Bb2 Rfe8 17. Bd3 h6 18. e5 Nd7 19. c4 b4 20. Bh7+ Kh8 21. Rfe1 Nf8 22. e6 fxe6 23. Bg6 c5 24. Ne5 Nc6 25. Nf7+ Kg8 26. Nxh6+ gxh6 27. Bh7+ Kf7 28. Rxe6 Qf4 29. Re4 Qg5 30. Nf3 Nd4 31. Nxg5+ Bxg5 32. Rxd4 cxd4 33. Qf5+ Bf6 34. Bxd4 Re6 35. Bg8+ Kxg8 36. Bxf6 Be4 37. Qg4+ Bg6 38. Bb2 Ra7 39. Qd4 Rae7 40. h4 h5 41. Kh2 a5 42. Rd1 Kf7 43. Qf4+ Kg8 44. Rd8 Re8 45. Qd4 1-0

[Event "Olympiad Women-43"]
[Site "Batumi"]
[Date "2018.09.27"]
[Round "4.12"]
[White "Girya, Olga"]
[Black "Gutmakher, Olga"]
[Result "1-0"]
[WhiteElo "2462"]
[BlackElo "2258"]
[PlyCount "97"]
[EventDate "2018.09.24"]
[EventType "team-swiss"]
[EventRounds "11"]
[EventCountry "GEO"]
[SourceTitle "EXT 2020"]
[Source "ChessBase"]
[SourceDate "2019.10.17"]
[SourceVersion "1"]
[SourceVersionDate "2019.10.17"]
[SourceQuality "1"]
[WhiteTeam "Russia (W)"]
[BlackTeam "Israel (W)"]
[WhiteTeamCountry "RUS"]
[BlackTeamCountry "ISR"]

1. d4 d5 2. c4 dxc4 3. e4 b5 4. a4 c6 5. b3 e5 6. Nf3 Bg4 7. bxc4 Bxf3 8. gxf3 Bb4+ 9. Bd2 Qxd4 10. Bxb4 Qxa1 11. cxb5 Qd4 12. Qb3 c5 13. Bc3 Qd6 14. Bc4 Nd7 15. Bxf7+ Ke7 16. Nd2 Nh6 17. Bd5 Raf8 18. Rg1 g6 19. Nc4 Qc7 20. Ke2 Nf7 21. a5 Nd6 22. b6 axb6 23. axb6 Rb8 24. bxc7 Rxb3 25. Nxd6 Rxc3 26. c8Q Rxc8 27. Nxc8+ Kd8 28. Rd1 Rc2+ 29. Ke1 Kc7 30. Nd6 Rb2 31. Nc4 Rb8 32. Ra1 Nf6 33. Ra7+ Kd8 34. Ra8 Rxa8 35. Bxa8 Nd7 36. Bc6 Nf8 37. Nxe5 Ne6 38. Bd5 Nf4 39. Bc4 Ke7 40. Nd3 Ng2+ 41. Ke2 Kd6 42. f4 Nh4 43. f3 h6 44. Kf2 g5 45. f5 Ke7 46. Nxc5 Kf6 47. Nd7+ Ke7 48. Be6 Kd6 49. Kg3 1-0

[Event "Olympiad Women-43"]
[Site "Batumi"]
[Date "2018.09.24"]
[Round "1.20"]
[White "Kojima, Natsumi"]
[Black "Gutmakher, Olga"]
[Result "0-1"]
[WhiteElo "1655"]
[BlackElo "2258"]
[PlyCount "56"]
[EventDate "2018.09.24"]
[EventType "team-swiss"]
[EventRounds "11"]
[EventCountry "GEO"]
[SourceTitle "EXT 2020"]
[Source "ChessBase"]
[SourceDate "2019.10.17"]
[SourceVersion "1"]
[SourceVersionDate "2019.10.17"]
[SourceQuality "1"]
[WhiteTeam "Japan (W)"]
[BlackTeam "Israel (W)"]
[WhiteTeamCountry "JPN"]
[BlackTeamCountry "ISR"]

1. e4 c5 2. Nf3 e6 3. d4 cxd4 4. Nxd4 a6 5. Bd3 Bc5 6. Nb3 Be7 7. 0-0 d6 8. Nc3 Nf6 9. a4 b6 10. Be3 Nc6 11. Be2 Bb7 12. f4 0-0 13. Bf3 Qc7 14. Qe2 Nd7 15. Rad1 Rfe8 16. Qf2 Bf8 17. Ne2 Nb4 18. Ned4 e5 19. fxe5 Nxe5 20. Bd2 Nbc6 21. Nf5 Re6 22. Nbd4 Nxf3+ 23. Qxf3 Nxd4 24. Nxd4 Rxe4 25. Qf2 Rg4 26. g3 Rxd4 27. Qxd4 Qc6 28. Kf2 Re8 0-1

[Event "EU-chT (Women) 21st"]
[Site "Heraklion"]
[Date "2017.10.31"]
[Round "4.4"]
[White "Gutmakher, Olga"]
[Black "Alexieva, Silvia"]
[Result "1/2-1/2"]
[WhiteElo "2226"]
[BlackElo "2288"]
[PlyCount "163"]
[EventDate "2017.10.28"]
[EventType "team-swiss"]
[EventRounds "9"]
[EventCountry "GRE"]
[SourceTitle "CBM 181 Extra"]
[Source "ChessBase"]
[SourceDate "2017.12.12"]
[SourceVersion "1"]
[SourceVersionDate "2017.12.12"]
[SourceQuality "1"]
[WhiteTeam "Israel (W)"]
[BlackTeam "France (W)"]
[WhiteTeamCountry "ISR"]
[BlackTeamCountry "FRA"]

1. e4 e5 2. Nf3 Nc6 3. Bc4 Nf6 4. d3 Bc5 5. 0-0 0-0 6. Nbd2 d6 7. c3 a6 8. Bb3 Ba7 9. h3 Ne7 10. Re1 Ng6 11. Nf1 h6 12. Ng3 c6 13. d4 Qc7 14. Be3 Re8 15. Qd2 exd4 16. Bxh6 dxc3 17. Qxc3 Ne5 18. Bf4 Be6 19. Bxe5 dxe5 20. Bxe6 Rxe6 21. Ng5 Rd6 22. Nf5 Rd7 23. Re2 Rad8 24. Qg3 Rd3 25. Nf3 g6 26. Rae1 Nh5 27. Qg5 Nf4 28. Nh6+ Kf8 29. Qf6 Rd1 30. Kh2 Nxe2 31. Rxe2 Bd4 32. Ng5 Rd6 33. Nh7+ Ke8 34. Qh8+ Kd7 35. Nxf7 c5 36. Nf6+ Kc6 37. Qe8+ Kb6 38. Nxd6 Qxd6 39. Qxg6 Ka7 40. Qf5 c4 41. Nd5 Ra1 42. Qc8 Bc5 43. a3 Rf1 44. Qf5 Bd4 45. Rc2 Qc5 46. Kg3 Qb5 47. Qf3 Qb3 48. Qxb3 cxb3 49. Rd2 Rb1 50. Nc3 Bxc3 51. bxc3 Rc1 52. Rb2 Rxc3+ 53. f3 Kb6 54. h4 Kb5 55. Kg4 Ka4 56. Rb1 Kxa3 57. h5 Ka2 58. Rh1 b2 59. h6 b1Q 60. Rxb1 Kxb1 61. h7 Rc8 62. Kh5 Rc1 63. g4 Rh1+ 64. Kg6 a5 65. g5 a4 66. Kg7 a3 67. h8Q Rxh8 68. Kxh8 a2 69. g6 a1Q 70. g7 Kc2 71. g8Q Qh1+ 72. Qh7 Qxh7+ 73. Kxh7 Kd3 74. Kg6 Ke3 75. Kg5 Kd4 76. f4 exf4 77. Kxf4 b5 78. e5 Kd5 79. Kf5 b4 80. e6 b3 81. e7 b2 82. e8Q 1/2-1/2

[Event "ISR-ch (Women)"]
[Site "Tiberias"]
[Date "2016.12.11"]
[Round "7"]
[White "Lahav, Michal"]
[Black "Gutmakher, Olga"]
[Result "1-0"]
[WhiteElo "2178"]
[BlackElo "2247"]
[PlyCount "143"]
[EventDate "2016.12.05"]
[EventType "swiss"]
[EventRounds "9"]
[EventCountry "ISR"]
[SourceTitle "CBM 176 Extra"]
[Source "ChessBase"]
[SourceDate "2017.03.02"]
[SourceVersion "1"]
[SourceVersionDate "2017.03.02"]
[SourceQuality "1"]

1. e4 c5 2. Nf3 d6 3. d4 cxd4 4. Nxd4 Nf6 5. Nc3 g6 6. Be3 a6 7. Bc4 Ng4 8. Bc1 Bg7 9. h3 Nf6 10. Be3 Nc6 11. Qd2 Ne5 12. Bb3 b5 13. 0-0-0 Bb7 14. Rhe1 Rc8 15. Bh6 Bxh6 16. Qxh6 Rxc3 17. bxc3 Qa5 18. Re3 Nxe4 19. Rde1 Qa3+ 20. Kd1 Nxf2+ 21. Ke2 Ne4 22. Kf1 Nf6 23. Nf3 Bxf3 24. gxf3 g5 25. h4 Qc5 26. hxg5 Nd5 27. Rxe5 dxe5 28. Qg7 Ne3+ 29. Rxe3 Qxe3 30. Qxh8+ Kd7 31. Qa8 Qxg5 32. Qd5+ Kc7 33. Qc5+ Kd7 34. Qa7+ Kd8 35. Qb6+ Kd7 36. Qb7+ Kd8 37. Qa8+ Kd7 38. Qb7+ Kd8 39. Qd5+ Kc7 40. Qxf7 h5 41. Qe6 h4 42. Qxa6 h3 43. Qa7+ Kc6 44. Qa8+ Kc7 45. Qa7+ Kc6 46. Qa8+ Kc7 47. f4 Qxf4+ 48. Kg1 Qg3+ 49. Kh1 Qf4 50. Qa7+ Kc6 51. Qa8+ Kc7 52. Qd5 e4 53. Qc5+ Kd8 54. Qb6+ Ke8 55. Qxb5+ Kf8 56. Qe2 Qf5 57. Kh2 Qe5+ 58. Kxh3 Qxc3+ 59. Kg4 e3 60. Kf3 Qf6+ 61. Kxe3 Qe5+ 62. Kd2 Qd4+ 63. Qd3 Qf4+ 64. Qe3 Qf6 65. a4 Ke8 66. Kd1 Qa1+ 67. Kd2 Qf6 68. Qc5 Qh6+ 69. Kc3 Qf6+ 70. Qd4 Qf1 71. Kb2 Qe1 72. Qc3 1-0

[Event "Olympiad Women-42"]
[Site "Baku"]
[Date "2016.09.06"]
[Round "5.4"]
[White "Dragomirescu, Angela"]
[Black "Gutmakher, Olga"]
[Result "0-1"]
[WhiteElo "2227"]
[BlackElo "2216"]
[PlyCount "80"]
[EventDate "2016.09.02"]
[EventType "team-swiss"]
[EventRounds "11"]
[EventCountry "AZE"]
[SourceTitle "CBM 174 Extra"]
[Source "ChessBase"]
[SourceDate "2016.10.10"]
[SourceVersion "1"]
[SourceVersionDate "2016.10.10"]
[SourceQuality "1"]
[WhiteTeam "Romania (W)"]
[BlackTeam "Israel (W)"]
[WhiteTeamCountry "ROU"]
[BlackTeamCountry "ISR"]

1. d4 Nf6 2. c4 g6 3. f3 Bg7 4. e4 d6 5. Nc3 0-0 6. Be3 Nbd7 7. Qd2 c5 8. d5 a6 9. Nge2 Ne5 10. Ng3 h5 11. Be2 h4 12. Nf1 h3 13. g4 b5 14. Ng3 bxc4 15. Bh6 Rb8 16. Bxg7 Kxg7 17. 0-0 Rh8 18. Kh1 Qb6 19. Rab1 Bd7 20. Rg1 Kf8 21. g5 Ne8 22. Nf1 Rh4 23. Ne3 Nd3 24. Bxd3 cxd3 25. Qxd3 Qb4 26. Nc2 Qa5 27. Qe3 e5 28. Qf2 Rf4 29. Ne3 Rb4 30. Nc2 Rxb2 31. Rxb2 Qxc3 32. Rb3 Qa5 33. Ra3 Qb5 34. Rb3 Qa4 35. Re1 Qxa2 36. Reb1 Qa4 37. Qd2 Bg4 38. fxg4 Qxb3 39. Qd1 Qc4 40. Kg1 Qxe4 0-1